000 00479nam a2200181Ia 4500
005 20250326130350.0
008 250326s9999 xx 000 0 und d
037 _aTextbook
040 _aFMSL
_beng
_cFMSL
041 _aeng
_2eng
084 _aX:51 L1
_qFMSL
100 _aStanton W J
_9235947
245 0 _aFundamantals of marketing
_cStanton W J
260 _aNY
_bNY, McGraw-Hill
_c1971
300 _a729p
942 _cTB
_hX:51 L1
999 _c1282160
_d1282160